banner-ar

المؤسسة العسكرية فى النظام السياسى الاسرائيلى / (Record no. 61458)

MARC details
000 -الفاتح
حقل البيانات ثابتة الطول 01282nam a22002897a 4500
005 - وقت وتاريخ اخر تعامل مع التسجيلة
رقم الضبط 20240530110500.0
008 - عناصر البيانات ثابتة الطول - معلومات عامة
حقل البيانات ثابتة الطول 150629s2013 jo g b 000 0 ara d
017 ## - رقم الايداع القانونى
رقم الايداع القانونى 2012/8/3079
المصدر ( الهيئة المختصة) عمان . دائرة المكتبة الوطنية
020 ## - الرقم الدولى المعيارى للكتب
الرقم الدولى المعيارى للكتاب 9789957327019
040 ## - مصدر الفهرسة
وكالة الفهرسة الأصلية EG-CaGPL
082 04 - رقم تصنيف ديوى العشرى
رقم الطبعة 21
رقم التصنيف 355.0335569\
رقم المادة م م
100 0# - المدخل الرئيسى - إسم شخصى
الإسم الشخصى محمد حسين المومنى .
245 02 - بيان العنوان
العنوان المؤسسة العسكرية فى النظام السياسى الاسرائيلى /
بيان المسئوليه,etc تاليف محمد حسين المومنى ، سعد شاكر شبلى .
250 ## - بيان الطبعة
بيان الطبعة ط1 .
260 ## - PUBLICATION, DISTRIBUTION, ETC. (IMPRINT)
تاريخ النشر أو التوزيع 2013 .
300 ## - الوصف المادى
التعداد 281 ص ؛
أبعاد الوعاء 24 سم .
504 ## - تبصرة ببليوجرافية
تبصرة ببليوجرافية,الخ بيليوجرافيه : ص 265 - 281 .
650 04 - المدخل الاضافى بالموضوع-مصطلح موضوعى
مصطلح موضوعي السلطة التشريعية
التقسيم الفرعي الجغرافي اسرائيل .
650 04 - المدخل الاضافى بالموضوع-مصطلح موضوعى
مصطلح موضوعي السلطه التنفيذيه
التقسيم الفرعي الجغرافي اسرائيل .
651 04 - المدخل الاضافى بالموضوع - اسم جغرافى
الاسم الجغرافي اسرائيل
التقسيم الفرعي العام السياسة العسكرية .
651 04 - المدخل الاضافى بالموضوع - اسم جغرافى
الاسم الجغرافي اسرائيل
التقسيم الفرعي العام السياسة والحكومة .
651 04 - المدخل الاضافى بالموضوع - اسم جغرافى
الاسم الجغرافي اسرائيل
التقسيم الفرعي العام الجيش .
651 04 - المدخل الاضافى بالموضوع - اسم جغرافى
الاسم الجغرافي اسرائيل
التقسيم الفرعي العام الاحزاب السياسية .
700 0# - المدخل الاضافى - اسم شخصى
الإسم الشخصى سعد شاكر شبلى
الدور مؤلف مشارك .
942 ## - عناصر المدخل الإضافي( كوها)
مصدر التصنيف او مخطط الترفيف Dewey Decimal Classification
Koha [default] item type كتاب
260 ## - PUBLICATION, DISTRIBUTION, ETC. (IMPRINT)
-- عمان :
-- دار و مكتبة الحامد للنشر و التوزيع ،
Holdings
حالة التراجع حالة الفقد حالة تلف ليس للاعارة المكان المؤقت الموقع الحالى تاريخ الاكتساب اجمالي اﻻعارات رقم الطلب الباركود تاريخ اخر مشاهدة تاريخ تفعيل السعر نوع وعاء كوها
        مكتبة القاهرة الكبرى مكتبة القاهرة الكبرى 06/29/2015   355.0335569\ م م 160756 06/29/2015 06/29/2015 كتاب

Powered By

EGPV